000 00263nam a2200085Ia 4500
245 0 _aPortraits of power : profiles in a changing South Africa
100 _a GEVISSER, Mark Cape Town, 1996
_9115397
942 _cBK
008 210825s9999 xx 000 0 und d
999 _c561790
_d561789